000 00511nam a22001932 4500
001 0000005996
005 20170406121143.0
008 150702s xx 000 0 eng d
020 _c$
040 _aYour Holding Symbol
_cYour Holding Symbol
100 1 _aBurke.Kenneth.
245 1 4 _aThe philosophy of literary form.
250 _a ed.
260 _aNew york :
_bvintage books,
_c1941.
300 _a330 p. ;
_c cm.
504 _aindex.
650 0 _aliterary form.
908 _a150702
999 _c5756
_d5756